000 00420nam a2200193Ia 4500
003 IT-RoPAU
008 120407s9999 xx 000 0 und d
040 _aIT-RoPAU
040 _cIT-RoPAU
100 _aIreneo di Lione
100 _csant'
245 _aContro le eresie (vol. II)
250 _aSiena
260 _aCantagalli
300 _c cm
490 _v1
700 _aVittorino Dellagiacoma
942 _cBK
999 _c1543
_d1543